1148 1070 1484 1119 1210 1166 1978 1682 1836 1846 1722 1465 1885 1841 1571 1506 1891 1037 1004 1637 1153 1190 1927 1823 1599 1361 1829 1868 1080 1325 1570 1369 1408 1837 1563 1627 1277 1847 1690 1966 1338 1608 1152 1881 1185 1884 1038 1217 1660 1859 1527 1940 1303 1008 1456 1281 1300 1962 1366 1686 1048 1308 1824 1533 1578 1707 1878 1910 1434 1174 1891 1684 1346 1644 1487 1264 1900 1622 1097 1206 1546 1781 1560 1605 1607 1884 1235 1689 1211 1294 1662 1234 1130 1283 1010 1904 1403 1980 1374 BCNSPRNW ULIB Ver.6.0+V

เปลี่ยนเป็นภาษาไทย

Change to English
 แสดงรายละเอียดบรรณานุกรม
  กลับหน้าหลัก

Brief Record : Get Marc (ISO 2709) : E-mail record : QR code < ปิดหน้าต่าง
LEADER : 00000nam 2200000uu 4500
001    13399114617
003     ULIB
008    120424s2549||||th 000 0 tha d
020    ^a9749498461
060 04 ^aWA546^bส837ก 2549
100 0  ^aสุภาณี อ่อนชื่นจิตร
245 10 ^aการบริการสุขภาพที่บ้าน =^bHome health care service /^cสุภาณี อ่อนชื่นจิต, ฤทัยพร ตรีตรง
246 31 ^aHome health care service
250    ^aพิมพ์ครั้งที่ 2
260    ^aสงขลา :^bคณะพยาบาลศาสตร์ มหาวิทยาลัยสงขลานครินทร์,^c2549
300    ^a144 หน้า ;^c26 ซม.
650  7 ^aผู้ป่วยที่บ้าน, บริการ
700 0  ^aฤทัยพร ตรีตรัง
710 2  ^aมหาวิทยาลัยสงขลานครินทร์. ^bคณะพยาบาลศาสตร์
945    ^p180^l0^i14161
945    ^p180^l0^i14162
995    ^aกัณชพร
999    ^aใช้งานได้ทุกระบบ
รายการนี้ยังไม่มีแท็ก
คุณยังไม่ได้ล็อกอิน คุณสามารถมีกิจกรรมร่วมกับเว็บไซต์ได้ แต่ต้องล็อกอินก่อน ::
  ล็อกอิน

รายการสื่อสารสนเทศ

ลำดับที่ ประเภท เลขเรียก/บาร์โค้ด สถานที่ สถานะ
- ไม่พบข้อมูล -

รายการใกล้เคียง
    หัวเรื่อง [ผู้ป่วยที่บ้าน, บริการ]

BibComment


ยังไม่เคยถูกคอมเมนท์

คอมเมนท์ทรัพยากรรายการนี้
  คอมเมนท์: การบริการสุขภาพท..


 Copyright 2026. Bcnsprnw @Library